[Event "Moscow2"]
[Site "Moscow"]
[Date "1995.??.??"]
[Round "?"]
[White "Razuvaev, Yuri S"]
[Black "Vasiukov, Evgeni"]
[Result "1-0"]
[WhiteElo "2580"]
[BlackElo "2490"]
[Annotator "Ribli,Z"]
[PlyCount "47"]
[EventDate "1995.04.??"]
[EventType "tourn"]
[EventRounds "9"]
[EventCountry "RUS"]
[EventCategory "11"]
[SourceTitle "CBM 047"]
[Source "ChessBase"]
[SourceDate "1995.08.01"]
[SourceVersion "1"]
[SourceVersionDate "1995.08.01"]
[SourceQuality "1"]

1. d4 g6 2. e4 Bg7 3. c4 c6 4. Nc3 d6 5. Be3 Nh6 $6 {Springer am Rand steht
meistens (wie jetzt) ungluecklich.} (5... a6 6. Bd3 b5 7. Nge2 Nf6 {Sieht wie
ein normales Koenigsindisch aus. Zueger,B-Bischoff,K/SWZ-chI/1992/ CBM31/}) 6.
h3 f5 7. Qd2 Nf7 8. exf5 gxf5 9. Nge2 O-O 10. d5 $1 Na6 11. Nf4 Nc7 (11... Nc5
12. Be2 e5 13. dxe6 Nxe6 14. Nh5 Bh8 15. g4 $16 {Weiss hat einen starken
Koenigsangriff (Springer auf h5 und g-Linie). Yusupov, A-Soltis,A/Lone Pine/
1991/INF31,95/}) 12. Nh5 Bh8 13. Be2 e5 14. dxe6 Bxe6 (14... Nxe6 15. g4 $1 $16
{Siehe Anmerkung bei 11-sten Zug.}) 15. g4 $1 {Droht /\ gf5,Rg1.} fxg4 16. hxg4
Qe7 17. O-O-O d5 18. Bd4 dxc4 19. g5 $1 {Der weisse Angriff sieht
uebermaechtig aus.} Rfd8 (19... Nxg5 20. Bxh8 Kxh8 21. Qd4+ Kg8 22. Rdg1 $18 {
Gegen f4 hat Schwarz keine gute Verteidigung.}) 20. Nf6+ Bxf6 21. gxf6 Qb4 22.
Qe3 $1 Nd5 23. Rdg1+ Kf8 (23... Kh8 24. Rg7 $1 $18) 24. Bc5+ {Weiss hat mit
einem sehr kraftvollen Spiel das schwarze (Nh6,f5,Nf7) Spielkon- zept
wiederlegt.} 1-0

[Event "San Martin"]
[Site "San Martin"]
[Date "1995.??.??"]
[Round "5"]
[White "Spangenberg, Hugo"]
[Black "Garbarino, Rodolfo"]
[Result "1-0"]
[WhiteElo "2500"]
[BlackElo "2420"]
[Annotator "Ribli,Z"]
[PlyCount "93"]
[EventDate "1995.03.??"]
[EventType "tourn"]
[EventRounds "13"]
[EventCountry "ARG"]
[EventCategory "10"]
[SourceTitle "CBM 048"]
[Source "ChessBase"]
[SourceDate "1995.10.01"]
[SourceVersion "1"]
[SourceVersionDate "1995.10.01"]
[SourceQuality "1"]

1. c4 g6 2. Nf3 Bg7 3. d4 d6 4. Nc3 e5 5. g3 Nd7 6. Bg2 Ne7 7. O-O O-O 8. e4
exd4 9. Nxd4 Nc6 10. Nc2 $6 (10. Nxc6 bxc6 11. Qc2 Qf6 12. Ne2 Re8 $13 {
Dorfman,J-Azmaiparashvili,Z/EUCup f Lyon/1994/CBM45/}) (10. Nde2 a5 11. h3 Nc5
12. Be3 Be6 13. b3 a4 $10 {Georgiev,Ki-Azmaiparashvili,Z/Groningen/1994/CBM45/
INF62,50/}) 10... Nde5 $5 {Das ist eine Neuerung.} (10... Nce5 11. Ne3 Nb6 12.
Qe2 Be6 13. Ncd5 c6 14. Nxb6 Qxb6 15. Rb1 a5 16. Kh1 Qd4 17. Rd1 Bxc4 18. Nxc4
Qxc4 19. Qxc4 Nxc4 20. b3 Ne5 21. Ba3 $14 {Phominyh,A-Manakova,M/Alushta1/1994/
CBM40/}) 11. Ne3 Na5 12. Qe2 (12. Qa4 b6 $15 {Droht /\ Bd7.}) 12... Be6 13.
Ncd5 (13. b3 $2 Nexc4 14. Nxc4 Nxc4 15. bxc4 Bxc3 $17) 13... c6 14. Nf4 Bxc4 (
14... Qd7 15. Nxe6 Qxe6 16. f4 Nexc4 17. f5 gxf5 18. Nxf5 $40 {Weiss hat eine
gefaehrliche Initiative.}) 15. Nxc4 Naxc4 16. b3 Nd7 $5 {Schwarz denkt richtig,
dass fuer seinen N das e5-Feld besser als a5 oder b6 ist, wohin er ohne diesen
Zwischenzug gehen soll.} 17. Rb1 Nce5 18. Rd1 Nc5 19. Qd2 Qb6 $1 20. Bb2 (20.
Qxd6 $4 Rad8 $19) 20... Rad8 {Diese Stellung sieht wie eine Koenigsindische
Verteidigung aus, der einzige "kleine" Unterschied ist, dass der weisse c4P
fehlt.} 21. Bd4 Qa6 22. Kh1 (22. Bxc5 dxc5 23. Qxd8 Rxd8 24. Rxd8+ Bf8 25. Re8
Qxa2 26. Rd1 Ng4 $19) 22... Ng4 23. Bf1 $6 {Dieser Zug fuehrt nur zur
Tempoverlust.} (23. Bxc5 $6 dxc5 24. Qxd8 Rxd8 25. Rxd8+ Bf8 26. h3 Nxf2+ 27.
Kg1 Qb6 28. Rd2 c4 29. Rxf2 Bc5 30. Rbf1 cxb3 31. axb3 Qxb3 $19) (23. Bxg7 $5
Kxg7 24. Qb2+ Kg8 25. Rd2 $44 {Weiss hat einige Moeglichkeiten gegen den d6P
und den schwarzen K-Fluegel zu spielen.}) 23... Qa3 24. Bxg7 Kxg7 25. Bg2 Rfe8
26. Qd4+ Kg8 27. Rd2 Ne5 28. Rbd1 a5 29. Qa1 Na6 $2 {Dieser Zug gefaellt mir
nicht. Der N am Rand steht meistens bloed.} (29... a4 $1 30. bxa4 (30. Rxd6 $2
Rxd6 31. Rxd6 axb3 $19) 30... Nxa4 $17) 30. h3 a4 31. bxa4 Nc4 32. Rd4 Qxa4 33.
h4 $1 {Ein Spiel am Koenigsfluegel ist die logische Konsequenz, weil der
schwarze K ohne Verteidiger bleibt.} h5 34. Qc1 $1 b5 35. Nxh5 $1 {Ein
Figurenopfer, das angenommen werden muss; dem schwarzen Koenig steht jetzt ein
fuerhterlicher Angriff ins Haus.} gxh5 36. Qg5+ Kf8 {[#]} 37. e5 $1 c5 (37...
d5 38. Qh6+ Ke7 (38... Kg8 39. Be4 $1 Qxd1+ (39... dxe4 40. Rxd8 Nc7 41. Rxe8+
Nxe8 42. Rd8 $18) 40. Rxd1 dxe4 41. Rxd8 Rxd8 42. Qg5+ $18) 39. Qxc6 $18 {
Droht /\ Qf6 toedlich.}) 38. Qh6+ Ke7 39. Qf6+ Kf8 (39... Kd7 40. Rxd6+ Nxd6
41. Qxd6+ Kc8 42. Qc6+ Nc7 43. Qb7#) 40. Qh6+ {Weiss will nur Zeit gewinnen.}
Ke7 41. Qf6+ Kf8 42. Bd5 $1 Rd7 (42... Re7 43. Qh8#) (42... Nxe5 43. Rxa4 $18)
43. exd6 Kg8 44. Qg6+ Kf8 45. Qxh5 Qxd1+ 46. Rxd1 Nxd6 47. Bc6 1-0

[Event "Interzonal-15"]
[Site "Manila"]
[Date "1990.??.??"]
[Round "2"]
[White "Damljanovic, Branko"]
[Black "Smyslov, Vassily V"]
[Result "1-0"]
[WhiteElo "2515"]
[BlackElo "2570"]
[Annotator "Ribli,Z"]
[PlyCount "161"]
[EventDate "1990.06.29"]
[EventType "swiss"]
[EventRounds "13"]
[EventCountry "PHI"]
[SourceTitle "CBM 019"]
[Source "ChessBase"]
[SourceDate "1990.12.01"]
[SourceVersion "1"]
[SourceVersionDate "1990.12.01"]
[SourceQuality "1"]

1. Nf3 d6 2. d4 g6 3. g3 Bg7 4. Bg2 Nd7 5. c4 e5 6. Nc3 Ne7 7. O-O O-O 8. e4
exd4 9. Nxd4 Nc6 10. Nde2 (10. Nxc6 bxc6 11. Qc2 Ne5 12. b3 c5 (12... g5 13. f4
gxf4 14. Bxf4 c5 15. Qd2 Be6 16. Rae1 a5 17. Nd5 $14 {Csom-Barbero Debrecen
1989 47/78}) 13. Bb2 Bb7 14. Rad1 f5 15. Na4 Qe7 16. f4 Nc6 17. e5 $1 $14 {
Csom,I-Azmayparashvili,Z Erevan 1989 47/(78) CBM 14}) 10... Nde5 11. b3 f5 12.
f4 Nf7 13. Bb2 (13. exf5 Bxf5 14. h3 Re8 15. Bb2 h5 16. Qd2 Nb4 $1 17. Rad1 c6
$13 {Podgaec-Gaprindashvili URS 1979 27/123}) 13... fxe4 14. Bxe4 Bh3 15. Bg2
Bxg2 16. Kxg2 Qd7 17. Qd2 Rae8 18. Nd5 $1 $36 Nh6 19. Bxg7 Qxg7 20. Rae1 Nd8
21. Nd4 c6 22. Nc3 Qd7 23. Nf3 Nf5 24. Nd4 Nxd4 25. Qxd4 Qg7 26. Qd2 Nf7 27.
Ne4 Rd8 28. f5 $1 d5 29. f6 Qh6 30. Qxh6 Nxh6 31. Ng5 Rd7 32. Ne6 Rc8 33. Nc5
Rf7 34. h3 Nf5 35. g4 Nh4+ 36. Kg3 g5 37. Re7 Rxe7 38. fxe7 Re8 39. Ne6 Ng6 40.
cxd5 cxd5 41. Nxg5 Rxe7 42. Rd1 h6 43. Nf3 Rd7 44. h4 Kg7 45. Nd4 Ne7 46. h5
Kf6 47. Kf4 Rd6 48. Rf1 Ra6 49. Rf2 Nc6 50. g5+ $1 hxg5+ 51. Kg4+ Ke5 (51...
Kg7 52. Ne6+) 52. Nf3+ Ke4 53. h6 Ne5+ 54. Nxe5 Rxh6 55. Re2+ Kd4 56. Nf3+ Kc3
57. Kxg5 Rd6 58. Ne1 d4 59. Rc2+ Kb4 60. Nd3+ Ka3 61. Kf5 a5 62. Ke5 Rd8 63.
Ke4 b5 64. Ne5 a4 65. bxa4 Kxa4 66. Kd3 Ka3 67. Nf3 Rh8 68. Nxd4 Rh3+ 69. Ke4
Rh4+ 70. Kd5 Rh5+ 71. Kc6 b4 72. Nb3 Rh3 73. Kd5 Rc3 74. Rh2 Rc8 75. Nd4 Rc1
76. Nb3 Rc8 77. Kd4 Rc3 78. Nd2 Rc7 79. Nc4+ Ka4 80. Rh8 Ra7 81. Rb8 {Ribli}
1-0

[Event "Interzonal-15"]
[Site "Manila"]
[Date "1990.??.??"]
[Round "1"]
[White "Nikolic, Predrag"]
[Black "Damljanovic, Branko"]
[Result "1-0"]
[WhiteElo "2600"]
[BlackElo "2515"]
[Annotator "Ribli,Z"]
[PlyCount "83"]
[EventDate "1990.06.29"]
[EventType "swiss"]
[EventRounds "13"]
[EventCountry "PHI"]
[SourceTitle "CBM 019"]
[Source "ChessBase"]
[SourceDate "1990.12.01"]
[SourceVersion "1"]
[SourceVersionDate "1990.12.01"]
[SourceQuality "1"]

1. d4 g6 2. c4 Bg7 3. g3 d6 4. Nf3 Nd7 5. Bg2 e5 6. Nc3 Ne7 7. O-O O-O 8. e4
exd4 9. Nxd4 Nc6 10. Nde2 (10. Nxc6 $5) 10... Nc5 11. Be3 f5 12. exf5 Bxf5 13.
Qd2 a5 14. Rad1 a4 15. Nd4 Nxd4 16. Bxd4 Bxd4 17. Qxd4 Qf6 18. Nb5 $1 Qxd4 19.
Rxd4 Rac8 20. Re1 Bd7 21. Re7 $14 Rfe8 22. Rxe8+ Bxe8 (22... Rxe8 $5 23. Bd5+
Kg7 24. Nxc7 Re2) 23. Bh3 $1 Bd7 24. Bxd7 Nxd7 25. Re4 Kf7 26. Kf1 Nc5 27. Re3
Ne6 28. Ra3 Nc5 29. Nc3 Nd3 (29... Ra8 30. b4 $1) 30. Rxa4 Re8 (30... Nxb2 31.
Rb4 Nd3 32. Rxb7) 31. Ra7 Re1+ 32. Kg2 g5 33. Rxb7 g4 34. Rxc7+ Ke6 35. h3 h5
36. hxg4 hxg4 37. Rg7 Ne5 38. Nd5 Ra1 39. Ne3 Kf6 40. Rg8 Kf7 41. Rg5 Kf6 42.
Rf5+ {Ribli} 1-0

[Event "Ostrava"]
[Site "Ostrava"]
[Date "1991.??.??"]
[Round "8"]
[White "Haba, Petr"]
[Black "Vokac, Marek"]
[Result "1-0"]
[WhiteElo "2485"]
[BlackElo "2440"]
[Annotator "Ribli,Z"]
[PlyCount "47"]
[EventDate "1991.09.??"]
[EventType "tourn"]
[EventRounds "9"]
[EventCountry "CZE"]
[EventCategory "9"]
[SourceTitle "CBM 026"]
[Source "ChessBase"]
[SourceDate "1992.02.01"]
[SourceVersion "1"]
[SourceVersionDate "1992.02.01"]
[SourceQuality "1"]

1. d4 g6 2. c4 Bg7 3. e4 d6 4. Nc3 Nc6 5. d5 Nd4 6. Nge2 c5 (6... Nxe2 7. Bxe2
$14) 7. Nxd4 (7. dxc6 $6 Nxc6 8. Be3 Nf6 9. f3 a6 10. Qd2 Qa5 11. Nd4 Nxd4 12.
Bxd4 O-O 13. Be2 Be6 14. a3 Rfc8 15. b4 Qd8 16. Na4 Rc6 17. Nb2 a5 $13 {
Agrest,E-Kakageldyev,A URS-chT Azov 1991 CBM/25}) (7. Be3 Qb6 8. Na4 Qa5+ 9.
Bd2 Qa6 10. Nxd4 Bxd4 11. Nc3 Bd7 12. Bd3 $14 {Cramling,P-Johansson,J
Stockholm 1990 CBM/22}) 7... cxd4 8. Nb5 Qb6 9. c5 Qxc5 $2 (9... dxc5 10. Bf4
Kf8 11. Bc7 Qf6 12. a4 Bd7 13. Qc1 $146 {Ivanov,V-Losev URS 1990 50/64}) 10.
Bd2 d3 (10... Qb6 11. Rc1 Kf8 12. a4 a6 13. Na3 Nf6 14. Nc4 Qd8 15. Ba5 Qe8 16.
Nb6 Rb8 17. Qc2 $16 {Robatsch-Campos L Nice ol 1974 17/73}) 11. Bxd3 Bxb2 12.
Rb1 a6 13. Qa4 $1 Bd7 14. Rxb2 Rc8 15. Qd4 Bxb5 16. Bxb5+ axb5 17. Qxh8 Kd7 18.
O-O Nf6 19. Qg7 Qd4 20. Rfb1 Qxe4 21. Rxb5 Nxd5 22. Qxf7 Rc5 23. Rxb7+ Nc7 24.
h3 1-0

[Event "USA-ch m"]
[Site "Jacksonville"]
[Date "1990.??.??"]
[Round "2"]
[White "Dlugy, Maxim"]
[Black "Alburt, Lev O"]
[Result "0-1"]
[WhiteElo "2565"]
[BlackElo "2530"]
[Annotator "Ribli,Z"]
[PlyCount "56"]
[EventDate "1990.08.??"]
[EventType "k.o."]
[EventRounds "4"]
[EventCountry "USA"]
[SourceTitle "CBM 021"]
[Source "ChessBase"]
[SourceDate "1991.04.01"]
[SourceVersion "1"]
[SourceVersionDate "1991.04.01"]
[SourceQuality "1"]

1. d4 g6 2. c4 Bg7 3. Nc3 d6 4. e4 e5 5. d5 f5 6. exf5 gxf5 7. Nf3 (7. Qh5+ $5
Kf8 8. Nf3 Nf6 9. Qh4 Qe8 $6 10. c5 $1 $14 {Najdorf-Robatsch Varna ol 1962})
7... Nf6 8. Be2 O-O 9. O-O a5 10. Nh4 f4 11. g3 Bh3 12. Re1 Nbd7 13. Bf1 Bg4
14. f3 Bh5 15. g4 Nxg4 $1 16. fxg4 Qxh4 17. gxh5 f3 $44 18. Re4 Qxh5 19. Be3
Nf6 20. Kh1 Nxe4 21. Nxe4 Bh6 22. Qd2 Bf4 23. Bd3 Kh8 24. Rf1 Bxe3 25. Qxe3 Rf4
26. c5 Rg8 27. Nd2 Rg2 28. Nxf3 Rxf3 0-1

[Event "USA-ch m"]
[Site "Jacksonville"]
[Date "1990.??.??"]
[Round "1"]
[White "Alburt, Lev O"]
[Black "Seirawan, Yasser"]
[Result "1-0"]
[WhiteElo "2530"]
[BlackElo "2635"]
[Annotator "Ribli,Z"]
[PlyCount "95"]
[EventDate "1990.08.??"]
[EventType "k.o."]
[EventRounds "4"]
[EventCountry "USA"]
[SourceTitle "CBM 021"]
[Source "ChessBase"]
[SourceDate "1991.04.01"]
[SourceVersion "1"]
[SourceVersionDate "1991.04.01"]
[SourceQuality "1"]

1. Nf3 g6 2. d4 Bg7 3. c4 d6 4. Nc3 e5 5. e4 exd4 6. Nxd4 Nc6 7. Be3 Nge7 8.
Nxc6 $5 bxc6 9. Bd4 f6 (9... Bxd4 10. Qxd4 O-O 11. c5 $14 {Knaak,
R-Azmayparashvili,Z Berlin Thälmann 1989 CBM/13}) (9... O-O 10. Bxg7 Kxg7 11.
Qd4+ f6 12. c5 $1 $14 {Polugaevsky,L-Azmayparashvili,Z Reykjavik op 1990 49/73}
) 10. c5 $1 d5 11. Be2 O-O 12. O-O Rb8 13. Re1 Be6 14. exd5 cxd5 15. Bb5 Bf7
16. Qa4 Nf5 17. Ne2 Be8 18. Bxe8 Rxe8 19. Bc3 Re4 20. Qxa7 d4 21. Rad1 dxc3 22.
Rxd8+ Rxd8 23. f3 $1 Re7 24. bxc3 Bh6 25. Qa6 Rd2 26. f4 Bf8 27. g4 Nh6 28. h3
f5 29. g5 Nf7 30. Kf1 Re3 31. Qa8 Rd8 32. Qc6 Rde8 33. a4 $18 Nd8 34. Qd5+ Kh8
35. c6 Ne6 36. a5 Nc5 37. Qd4+ Kg8 38. a6 Nd3 39. Qd5+ Kh8 40. Rd1 Nc5 41. a7
Ne6 42. Rb1 Rxe2 43. Rb8 Nxf4 44. Rxe8 Rxe8 45. Qd4+ Kg8 46. Qxf4 Bd6 47. Qa4
Ra8 48. Qb3+ 1-0

[Event "ISR-chT"]
[Site "Ramat Aviv"]
[Date "2000.03.10"]
[Round "5.1"]
[White "Murey, Jacob"]
[Black "Kantsler, Boris"]
[Result "0-1"]
[WhiteElo "2487"]
[BlackElo "2562"]
[Annotator "Ribli,Z"]
[PlyCount "72"]
[EventDate "2000.01.14"]
[EventType "team"]
[EventRounds "11"]
[EventCountry "ISR"]
[SourceTitle "CBM 077"]
[Source "ChessBase"]
[SourceDate "2000.07.27"]
[SourceVersion "1"]
[SourceVersionDate "2000.07.27"]
[SourceQuality "1"]
[WhiteTeam "Maccabi Afek"]
[BlackTeam "Tel Aviv Univ"]
[WhiteTeamCountry "ISR"]
[BlackTeamCountry "ISR"]

1. e4 g6 2. d4 Bg7 3. c4 d6 4. Nc3 e5 5. Nge2 (5. d5 $5 {Dieser Zug wird
relativ selten gespielt, aber - meiner Meinung nach - bietet er Weiß Chancen
auf Eröffnungsvorteil.}) 5... Nc6 (5... exd4 6. Nxd4 Ne7 7. Be3 Nbc6) 6. Be3 (
6. d5 Nce7 7. Ng3 c5 (7... c6 $5)) 6... exd4 7. Nxd4 Nge7 8. Be2 (8. h4 $5 {
Diese aggressive Fortsetzung kommt stark in Betracht - Weiß möchte 9.h5 ziehen,
und im Falle von 8...h5 wird das Feld g5 schwach.}) 8... O-O 9. O-O f5 10. Nxc6
(10. exf5 $6 Bxd4 $1 11. Bxd4 Nxf5 12. Be3 Nxe3 13. fxe3 Be6 $11) (10. Qd2 fxe4
11. Nxe4 Nf5 12. Nxf5 Bxf5 13. Nc3 {Das ist -durch Zugumstellung - die
Partiefortsetzung (s. Stellung nach dem 12.Zug von Weiß).}) 10... Nxc6 (10...
bxc6 11. Bd4 Bxd4 12. Qxd4 c5 13. Qd2 Bb7 14. Bf3 Rb8 15. Rfe1 f4 16. Rad1 Nc8
17. Qd3 Qg5 18. Nb5 Rf7 19. e5 Bxf3 20. Qxf3 dxe5 21. Rd5 $36 {Shipov,
S-Zagorskis,D/Open, Cappelle la Grande FRA 1998/1/2-1/2 (50)}) 11. exf5 (11. c5
Kh8 12. cxd6 cxd6 13. Qd2 Qe7 14. Bg5 Qe5 15. Bf4 Qd4 16. Qxd4 Nxd4 17. Bc4 Rd8
18. Rad1 fxe4 19. Bd5 {1-0 Correia,M-Sirgado,C/Honra 1998/EXT 99 (32)}) 11...
Bxf5 12. Qd2 {[%csl Yd5] Weiß hat Raumvorteil, und das Feld d5 ist ein
positionelles Loch in der schwarzen Stellung. Dafür besitzt Schwarz gutes
Figurenspiel.} (12. c5 dxc5 13. Qb3+ (13. Bxc5 Qxd1 14. Raxd1 Rfd8 15. Bf3 Be6
16. Nd5 Rac8 17. b3 b6 18. Be3 Kf7 19. Bg5 Rd7 20. Nf4 Rxd1 21. Rxd1 Ne5 22.
Bb7 Rf8 23. Nxe6 Kxe6 24. Be4 Bf6 25. Be3 c5 26. h3 Rd8 {1/2-1/2 Shumiakina,
T-Roizen,N/Bucharest 1993/EXT 99 (34)}) 13... Kh8 14. Bxc5 Nd4 15. Qxb7 Nxe2+
16. Nxe2 Re8 17. Ng3 Qb8 18. Qxb8 Rexb8 19. Nxf5 gxf5 20. Rab1 Rxb2 21. Rxb2
Bxb2 22. Rd1 Re8 23. g3 a6 24. Rd7 $14 {1-0 Berg,K-Gausel,E/Hamar 1983/MCD (52)
}) 12... Qd7 (12... Qf6 13. Rad1 (13. Bf3 Kh8 14. Rad1 Ne5 $13) 13... Rae8 (
13... Kh8 14. Nd5 Qf7 15. Rfe1 Ne5 16. f4 Ng4 17. Bd4 {1-0 Fedorowicz,
J-Gawehns,K/Porz 1988/CBM 10 (43)}) 14. Nd5 Qd8 15. c5 Rf7 16. cxd6 Qxd6 17.
Bb5 Bd7 18. Qc1 {1-0 Heyken,E-Kamstra,C/Groningen 1988/EXT 97 (35)}) 13. Rad1 {
[%cal Gd1d7]} Rad8 (13... Qf7 14. h3 Rae8 15. Nd5 b6 16. b4 Be6 17. Nf4 Nd4 18.
Nxe6 Nxe2+ 19. Qxe2 Qxe6 20. Qd3 Rf5 21. Rfe1 Re5 {1/2-1/2 Douven,R-Carlier,B/
NED 2000/CBM 74 ext (21)}) (13... b6 14. Bf3 (14. f4 Rae8 15. Bf3 Kh8 16. Nd5
Be4 17. b4 Bxd5 18. cxd5 Nxb4 19. Bxb6 axb6 20. Qxb4 Ra8 21. Qb3 Rxf4 22. Be2
Qf5 23. g3 Rxf1+ 24. Rxf1 Qe4 $15 {Lorscheid,G-Sokolov,A/2.BLS 1995/1/2-1/2 
(64)}) 14... Be6 15. Bxc6 Qxc6 16. b3 Rae8 17. Bd4 Qd7 18. Rfe1 Qf7 19. Bxg7
Qxg7 20. Qd4 $2 Qxd4 21. Rxd4 Bxc4 {0-1 Gallego,V-Ivkov,B/ESP-chT 1990/EXT 97 
(40)}) 14. Bh6 {Es ist logisch, dass Weiß den aktiven schwarzen Bg7 abtauscht.}
Bxh6 (14... Kh8) 15. Qxh6 Qg7 16. Qd2 (16. Qxg7+ Kxg7 $11) 16... Kh8 17. f4 $14
{Weiß hat Raumvorteil, aber die schwarze Stellung ist solide.} Be6 (17... Rde8)
18. b3 a6 19. Bf3 (19. Nd5 {[%csl Gd5]} Rde8 $14) 19... Rde8 20. Nd5 Bxd5 21.
Bxd5 (21. cxd5 $14 {[%csl Gd5] Weiß hat Raumvorteil, und der schwarze Pc7 ist
ein potentieller Angriffspunkt auf der c-Linie.}) 21... Qf6 22. g3 Re7 23. Rfe1
Rfe8 24. Rxe7 Rxe7 $11 {Schwarz kontrolliert die e-Linie. Der aktive Bd5
allein verspricht Weiß nichts besonderes.} 25. Kf2 Kg7 26. Bxc6 {Endlich
tauscht Weiß den Springer und bekommt wegen des schwarzen Doppelbauern
theoretischen Vorteil.} bxc6 27. Qd4 Qxd4+ 28. Rxd4 {[%mdl 4096]} c5 29. Rd3
Kf6 30. h4 (30. Re3 Rxe3 31. Kxe3 c6 {[%cal Gd6d5]} 32. g4 d5 $11) 30... h5 31.
Rd5 Kg7 32. Kf3 (32. Rd2 $11) 32... Re1 {[%csl Ge1][%cal Ge1a1,Ge1h1]} 33. f5
Rf1+ 34. Ke4 Re1+ 35. Kf4 Rf1+ {[#]} 36. Kg5 $4 {[%mdl 8192] Ein für einen
routinierten Großmeister unglaublicher Fehler!} (36. Ke4 $11) 36... c6 $19 {
[%csl Rd5,Rg5]} (36... c6 37. Rxd6 Rxf5#) 0-1